Music Quiz

Random Music Quiz

Boom Bang-a-Bang Clicky-oke Quiz Stats

Quiz not verified by Sporcle

Also try: Opera Composers
Challenge
Share
Tweet
Embed
Score 0/24 Timer 03:00
0 Plays Today
% Correct
The beat of my heart keeps on missing
100%
Boom bang-a-bang, boom bang-a-bang
100%
Boom bang-a-bang, boom bang-a-bang
100%
Come closer and love me tonight
88.9%
Boom bang-a-bang, boom bang-a-bang
88.9%
Boom bang-a-bang, boom bang-a-bang
88.9%
The thought of your kiss is exciting
88.9%
Come closer and cuddle me tight
88.9%
Boom bang-a-bang-bang all the time
88.9%
Come closer and cuddle me tight
77.8%
Pounding away, pounding away
77.8%
Boom bang-a-bang-bang all the time
77.8%
% Correct
When I'm in your arms
77.8%
I wanna stay my whole life through
77.8%
Come closer and love me tonight
77.8%
Pounding away, pounding away
77.8%
When I'm in your arms
77.8%
When I'm in your arms
77.8%
I wanna hear your heartbeat too
77.8%
I wanna hear your heartbeat too
66.7%
I love you
55.6%
Close to you
44.4%
I love you
44.4%
Boom bang-a-bang-bang
33.3%

You're not logged in!

Compare scores with friends on all Sporcle quizzes.
Sign Up with Email
OR
Log In

You Might Also Like...

Show Comments

Extras

Top Quizzes Today


Score Distribution

Your Account Isn't Verified!

In order to create a playlist on Sporcle, you need to verify the email address you used during registration. Go to your Sporcle Settings to finish the process.

Report this User

Report this user for behavior that violates our Community Guidelines.

Details: